[Event "Capo d'Orso Open 2008"]
[Site "Porto Mannu Palau"]
[Date "2008.05.24"]
[Round "9.5"]
[White "Aagaard, Jacob"]
[Black "Galassi, Federico"]
[Result "1-0"]
[WhiteElo "2533"]
[BlackElo "2145"]
[PlyCount "49"]
[EventDate "2008.05.24"]
[EventCountry "ITA"]

1. e4 d6 2. d4 Nf6 3. Nc3 g6 4. f4 Bg7 5. Nf3 O-O 6. Bd3 Na6 7. O-O c5 8. d5
Rb8 9. f5 Nc7 10. a4 a6 11. a5 Nb5 12. Qe1 Nxc3 13. bxc3 Qc7 14. fxg6 hxg6 15.
c4 Ng4 16. Qh4 Bf6 17. Ng5 Bxg5 18. Qxg5 Ne5 19. Bf4 b6 20. Be2 bxa5 21. Ra3
Rb4 22. Qh6 Qb6 23. g4 Rb1 24. Rh3 Rxf1+ 25. Bxf1 1-0

[Event "Capo d'Orso Open 2008"]
[Site "Porto Mannu Palau"]
[Date "2008.05.24"]
[Round "9.6"]
[White "De Vreugt, Dennis"]
[Black "Godena, Michele"]
[Result "1/2-1/2"]
[WhiteElo "2403"]
[BlackElo "2528"]
[PlyCount "83"]
[EventDate "2008.05.24"]
[EventCountry "ITA"]

1. e4 e5 2. Nf3 Nc6 3. Bb5 a6 4. Ba4 Nf6 5. O-O b5 6. Bb3 Bc5 7. a4 Bb7 8. d3
b4 9. c3 d6 10. a5 h6 11. d4 Ba7 12. d5 Ne7 13. Ba4+ c6 14. c4 O-O 15. Bc2 cxd5
16. exd5 Rc8 17. b3 Re8 18. Be3 Bxe3 19. fxe3 Rc5 20. Ra4 Rxa5 21. Rxb4 Bxd5
22. cxd5 Nexd5 23. Qd2 Nxb4 24. Qxb4 Qc7 25. Ne1 Ra1 26. Qd2 Kf8 27. Nc3 Rc8
28. Ne4 Nxe4 29. Bxe4 Qc3 30. Qxd6+ Kg8 31. Nd3 Rxf1+ 32. Kxf1 Qxb3 33. Qxa6
Rd8 34. Qa5 Qd1+ 35. Ne1 Qd6 36. Nf3 g6 37. Bc6 Rc8 38. Nxe5 Qd1+ 39. Kf2 Qc2+
40. Kg3 Rxc6 41. Qd8+ Kg7 42. Nxc6 1/2-1/2

[Event "Capo d'Orso Open 2008"]
[Site "Porto Mannu Palau"]
[Date "2008.05.24"]
[Round "9.7"]
[White "De Jong, Jan Willem"]
[Black "Piscopo, Pierluigi"]
[Result "1/2-1/2"]
[WhiteElo "2474"]
[BlackElo "2379"]
[PlyCount "74"]
[EventDate "2008.05.24"]
[EventCountry "ITA"]

1. d4 Nf6 2. c4 c5 3. d5 e6 4. Nc3 exd5 5. cxd5 d6 6. Nf3 g6 7. Bf4 a6 8. e4
Bg7 9. Qa4+ Bd7 10. Qb3 Qe7 11. Bxd6 Qxd6 12. Qxb7 O-O 13. e5 Bc8 14. Qxa8 Qb6
15. O-O-O Bb7 16. Qxb7 Qxb7 17. exf6 Bxf6 18. Rd2 Nd7 19. Rc2 Rb8 20. Nd2 Nb6
21. Be2 c4 22. Rd1 Bxc3 23. bxc3 Qc7 24. g3 Qc5 25. Ne4 Qa3+ 26. Kd2 Qe7 27. f3
f5 28. d6 Qe5 29. Ng5 Nd5 30. f4 Qe3+ 31. Ke1 Qg1+ 32. Kd2 Qc5 33. Ke1 Ne3 34.
Rb2 Ng2+ 35. Kf1 Ne3+ 36. Ke1 Ng2+ 37. Kf1 Ne3+ 1/2-1/2

[Event "Capo d'Orso Open 2008"]
[Site "Porto Mannu Palau"]
[Date "2008.05.24"]
[Round "9.8"]
[White "Fierro Baquero, Martha Lorena"]
[Black "Garcia Palermo, Carlos H"]
[Result "1/2-1/2"]
[WhiteElo "2375"]
[BlackElo "2465"]
[PlyCount "20"]
[EventDate "2008.05.24"]
[EventCountry "ITA"]

1. e4 e5 2. Nf3 Nc6 3. Bb5 d6 4. d4 Bd7 5. O-O Nf6 6. Re1 Be7 7. dxe5 Nxe5 8.
Bxd7+ Qxd7 9. Nxe5 dxe5 10. Qxd7+ Nxd7 1/2-1/2

[Event "Capo d'Orso Open 2008"]
[Site "Porto Mannu Palau"]
[Date "2008.05.24"]
[Round "9.9"]
[White "Djuric, Stefan"]
[Black "Burlando, Alessandro"]
[Result "1-0"]
[WhiteElo "2460"]
[BlackElo "2141"]
[PlyCount "61"]
[EventDate "2008.05.24"]
[EventCountry "ITA"]

1. d4 Nf6 2. c4 g6 3. Nc3 Bg7 4. e4 d6 5. f3 O-O 6. Bg5 Nc6 7. Nge2 e5 8. d5
Nd4 9. Nxd4 exd4 10. Qxd4 h6 11. Bxf6 Bxf6 12. Qd2 c5 13. Bd3 a6 14. O-O Rb8
15. Kh1 Bd7 16. a4 b6 17. f4 Qe7 18. Rae1 Kg7 19. e5 dxe5 20. Ne4 exf4 21. Nxf6
Qxf6 22. Rxf4 Qg5 23. h4 Qg3 24. Re7 Bxa4 25. Qc3+ Kg8 26. Qf6 Qxd3 27. Rxf7
Rxf7 28. Qxf7+ Kh8 29. Qf6+ Kg8 30. Qe6+ Kh8 31. Qe5+ 1-0

[Event "Capo d'Orso Open 2008"]
[Site "Porto Mannu Palau"]
[Date "2008.05.24"]
[Round "9.11"]
[White "Spielmann, Alain"]
[Black "Marin, Mihail"]
[Result "0-1"]
[WhiteElo "2308"]
[BlackElo "2556"]
[PlyCount "122"]
[EventDate "2008.05.24"]
[EventCountry "ITA"]

1. Nf3 Nf6 2. c4 c5 3. Nc3 e6 4. e3 g6 5. d4 Bg7 6. Be2 O-O 7. O-O d6 8. e4
cxd4 9. Nxd4 a6 10. Be3 b6 11. Qd2 Bb7 12. f3 Nbd7 13. Rfd1 Rc8 14. Nc2 Ne8 15.
Bg5 f6 16. Bh4 Ne5 17. Ne3 Bh6 18. Qd4 Nc6 19. Qd2 Ne5 20. Qd4 Qc7 21. Bf2 f5
22. exf5 gxf5 23. Kh1 Bg7 24. Qh4 Ng6 25. Qg5 Bf6 26. Qh6 Qe7 27. Bf1 Bg5 28.
Qh3 Nf6 29. Bg1 Kh8 30. Ne2 f4 31. Ng4 Nxg4 32. Qxg4 Ne5 33. Bd4 Rxc4 34. Bxe5+
dxe5 35. Nc3 Rd4 36. Rxd4 exd4 37. Ne4 Bxe4 38. fxe4 b5 39. Bd3 Qf6 40. Rf1 Rg8
41. Qf3 Rc8 42. Qg4 Qe5 43. Qh5 Bf6 44. Qf7 Bg7 45. Qb7 Rg8 46. Qf7 Bh6 47. Qe7
Qg7 48. Qxg7+ Kxg7 49. g3 fxg3 50. hxg3 Be3 51. Kg2 Rc8 52. Kh3 Rc5 53. Kg4 a5
54. a3 e5 55. Rh1 h6 56. Rh2 Bc1 57. Rc2 Rxc2 58. Bxc2 Bxb2 59. Bd3 b4 60. axb4
a4 61. Bc4 Kf6 0-1

[Event "Capo d'Orso Open 2008"]
[Site "Porto Mannu Palau"]
[Date "2008.05.24"]
[Round "9.12"]
[White "Hillarp Persson, Tiger"]
[Black "Ciobanu, Camelia"]
[Result "1-0"]
[WhiteElo "2491"]
[BlackElo "2205"]
[PlyCount "85"]
[EventDate "2008.05.24"]
[EventCountry "ITA"]

1. e4 e6 2. d4 d5 3. Nc3 Nf6 4. e5 Nfd7 5. f4 c5 6. Nf3 Nc6 7. Be3 a6 8. Qd2 b5
9. a3 Qb6 10. Ne2 f5 11. Rg1 a5 12. g4 fxg4 13. Rxg4 Ne7 14. dxc5 Nxc5 15. Ng3
g6 16. Bxc5 Qxc5 17. Bd3 Rg8 18. Ne2 Qb6 19. Ned4 Bd7 20. Ke2 Nf5 21. Bxf5 exf5
22. Rg2 Rg7 23. h4 b4 24. axb4 Bxb4 25. c3 Bc5 26. h5 a4 27. Ke3 Rb8 28. Rh1
Kd8 29. hxg6 hxg6 30. Rh8+ Kc7 31. Rxb8 Kxb8 32. Ng5 Qa6 33. Kf3 Qf1+ 34. Kg3
Re7 35. Qe3 Kb7 36. Rg1 Qc4 37. Rh1 Qa2 38. Qd3 Be8 39. Ngf3 Kb6 40. Rh6 Rb7
41. Rxg6+ Bxg6 42. Qb5+ Ka7 43. Qa5+ 1-0

[Event "Capo d'Orso Open 2008"]
[Site "Porto Mannu Palau"]
[Date "2008.05.24"]
[Round "9.13"]
[White "Jones, Alessandro"]
[Black "Mogranzini, Roberto"]
[Result "1/2-1/2"]
[WhiteElo "1980"]
[BlackElo "2418"]
[PlyCount "79"]
[EventDate "2008.05.24"]
[EventCountry "ITA"]

1. d4 Nf6 2. Nf3 g6 3. Nbd2 d5 4. e3 Bg7 5. c4 O-O 6. Be2 c5 7. O-O cxd4 8.
exd4 Nc6 9. b3 Bf5 10. Bb2 Rc8 11. Re1 Nb4 12. Rc1 a6 13. a3 Nd3 14. Bxd3 Bxd3
15. c5 Re8 16. Nf1 Bf5 17. b4 Ne4 18. Ng3 Nxg3 19. hxg3 f6 20. Qb3 Qd7 21. a4
Be6 22. b5 Bf7 23. Qd3 Ra8 24. Re2 g5 25. Rce1 e6 26. Nd2 axb5 27. axb5 Ra5 28.
b6 Rea8 29. Nb3 Ra4 30. Rc1 Qc6 31. Ree1 Be8 32. Ra1 Rxa1 33. Rxa1 Rxa1+ 34.
Bxa1 Qa4 35. Qc3 Bb5 36. Na5 Ba6 37. c6 bxc6 38. b7 Qd1+ 39. Kh2 Qh5+ 40. Kg1
1/2-1/2

[Event "Capo d'Orso Open 2008"]
[Site "Porto Mannu Palau"]
[Date "2008.05.24"]
[Round "9.14"]
[White "Kekki, Petri"]
[Black "Guanciale, Orazio"]
[Result "1/2-1/2"]
[WhiteElo "2411"]
[BlackElo "2182"]
[PlyCount "91"]
[EventDate "2008.05.24"]
[EventCountry "ITA"]

1. d4 d6 2. Nc3 g6 3. Bg5 Bg7 4. e3 f5 5. h4 h6 6. Bf4 Nf6 7. Bd3 Nc6 8. Nf3
Ng4 9. d5 Nce5 10. Be2 c5 11. Nxe5 Nxe5 12. Qd2 Bd7 13. f3 b5 14. Nxb5 Rb8 15.
Bxe5 Bxe5 16. c4 O-O 17. Rb1 a6 18. Na3 f4 19. e4 e6 20. b3 g5 21. hxg5 Qxg5
22. Kd1 Kg7 23. Kc2 Rb4 24. Rh2 Qd8 25. Rbh1 Qa5 26. Qc1 Ra4 27. dxe6 Rxa3 28.
exd7 Rxa2+ 29. Kd3 Rh8 30. g4 Qd8 31. g5 Ra1 32. gxh6+ Kh7 33. Qd2 Rxh1 34.
Rxh1 Qxd7 35. Kc2 Rb8 36. Qd5 a5 37. Rh5 Qe8 38. Rf5 Kxh6 39. Qd1 Qg6 40. Qh1+
Kg7 41. Qh4 Bf6 42. Qxf4 a4 43. bxa4 Rb2+ 44. Kd3 Rb3+ 45. Kc2 Rb2+ 46. Kd3
1/2-1/2

[Event "Capo d'Orso Open 2008"]
[Site "Porto Mannu Palau"]
[Date "2008.05.24"]
[Round "9.15"]
[White "Friedrich, Norbert"]
[Black "Hilarius, Sander"]
[Result "1-0"]
[WhiteElo "2323"]
[BlackElo "2145"]
[PlyCount "65"]
[EventDate "2008.05.24"]
[EventCountry "ITA"]

1. e4 e5 2. Nf3 Nc6 3. Bb5 a6 4. Ba4 Nf6 5. d4 Nxd4 6. Nxd4 exd4 7. e5 Ne4 8.
Qxd4 Nc5 9. O-O Be7 10. Nc3 O-O 11. Bg5 Bxg5 12. Qxc5 Be7 13. Qe3 d5 14. Rad1
c6 15. Bb3 Bf5 16. Ne2 Qc7 17. Ng3 Qc8 18. c3 a5 19. Rd2 b5 20. f4 Re8 21. Kh1
Bf8 22. Nxf5 Qxf5 23. Re2 Rad8 24. Bc2 Qd7 25. Qd3 g6 26. f5 d4 27. fxg6 hxg6
28. Bb3 Re6 29. Ref2 Rde8 30. Rxf7 Qxf7 31. Rxf7 Kxf7 32. cxd4 a4 33. Qf3+ 1-0

[Event "Capo d'Orso Open 2008"]
[Site "Porto Mannu Palau"]
[Date "2008.05.24"]
[Round "9.16"]
[White "Cocchi, Andrea"]
[Black "Puzzoni, Christian"]
[Result "1-0"]
[WhiteElo "2316"]
[BlackElo "2114"]
[PlyCount "75"]
[EventDate "2008.05.24"]
[EventCountry "ITA"]

1. Nf3 Nc6 2. c4 e5 3. Nc3 f5 4. d3 Nf6 5. a3 a5 6. g3 Bc5 7. e3 Ba7 8. Bg2 O-O
9. O-O d6 10. Rb1 Ne7 11. b4 axb4 12. axb4 Ng6 13. d4 e4 14. Nd2 c5 15. Nb3
cxb4 16. Nb5 Be6 17. d5 Bf7 18. N3d4 Bxd4 19. Nxd4 Ne5 20. Rxb4 Qc8 21. Qc2 Be8
22. Bd2 b5 23. Nxb5 Nxd5 24. Rbb1 Nxc4 25. Rfc1 Ndb6 26. Nxd6 Nxd6 27. Rxb6
Qxc2 28. Rxc2 Nb5 29. h3 Rf7 30. g4 g6 31. Bf1 Ra1 32. Kg2 Na3 33. Rc8 Rd7 34.
Bc3 Rc1 35. Rxe8+ Kf7 36. Bb2 Rxf1 37. Bxa3 Rdd1 38. Re7+ 1-0

[Event "Capo d'Orso Open 2008"]
[Site "Porto Mannu Palau"]
[Date "2008.05.24"]
[Round "9.17"]
[White "Adrian, Claude"]
[Black "Deruda, Leonardo"]
[Result "1-0"]
[WhiteElo "2279"]
[BlackElo "1872"]
[PlyCount "75"]
[EventDate "2008.05.24"]
[EventCountry "ITA"]

1. c4 c5 2. Nf3 Nc6 3. Nc3 g6 4. e3 Nf6 5. d4 cxd4 6. exd4 d5 7. cxd5 Nxd5 8.
Qb3 Nxc3 9. Bc4 Nd5 10. Bxd5 e6 11. Bxc6+ bxc6 12. O-O Bg7 13. Bf4 O-O 14. Rac1
Ba6 15. Rfd1 Be2 16. Rd2 Bxf3 17. Qxf3 Qa5 18. b3 Rfd8 19. Qxc6 h6 20. h4 Qf5
21. Bc7 Rac8 22. Qb7 Qd5 23. Qxd5 Rxd5 24. Rc4 e5 25. Bxe5 Rcd8 26. Bxg7 Kxg7
27. f3 R8d7 28. Kf2 f5 29. f4 g5 30. hxg5 hxg5 31. g3 Kf6 32. Rc6+ R7d6 33.
Rxd6+ Rxd6 34. d5 gxf4 35. gxf4 Kf7 36. Ke3 Ke7 37. Kd4 Rh6 38. Ke3 1-0

[Event "Capo d'Orso Open 2008"]
[Site "Porto Mannu Palau"]
[Date "2008.05.24"]
[Round "9.18"]
[White "Glienke, Manfred"]
[Black "Neri, Enzo"]
[Result "1-0"]
[WhiteElo "2301"]
[BlackElo "2084"]
[PlyCount "39"]
[EventDate "2008.05.24"]
[EventCountry "ITA"]

1. e4 e5 2. Nc3 Bc5 3. Nf3 d6 4. d4 exd4 5. Nxd4 c6 6. Be2 Nf6 7. O-O O-O 8. a3
Re8 9. Bf3 a5 10. Re1 h6 11. Bf4 g5 12. Bg3 g4 13. Be2 Nxe4 14. Nxe4 Rxe4 15.
Nb3 Qf6 16. Nxc5 dxc5 17. Bd3 Rxe1+ 18. Qxe1 Be6 19. Qe4 Nd7 20. Qh7+ 1-0

[Event "Capo d'Orso Open 2008"]
[Site "Porto Mannu Palau"]
[Date "2008.05.24"]
[Round "9.19"]
[White "Braschi, Giancarlo"]
[Black "Hess, Christian Mathias"]
[Result "0-1"]
[WhiteElo "2082"]
[BlackElo "2281"]
[PlyCount "74"]
[EventDate "2008.05.24"]
[EventCountry "ITA"]

1. d4 d5 2. c4 c6 3. Nf3 Nf6 4. Nc3 dxc4 5. a4 Bf5 6. Nh4 Bg4 7. h3 Bh5 8. g4
Bg6 9. Nxg6 hxg6 10. e3 e6 11. Bxc4 Bb4 12. Qf3 Qa5 13. Bd2 Nbd7 14. Rd1 Bxc3
15. bxc3 Qxa4 16. Bd3 Nb6 17. Rb1 Qa2 18. e4 e5 19. Qe2 Qe6 20. dxe5 Nxg4 21.
f4 O-O-O 22. Ra1 Qd7 23. Bc2 Kb8 24. Bc1 f6 25. Rg1 Nh6 26. exf6 gxf6 27. f5 g5
28. h4 Nf7 29. hxg5 fxg5 30. e5 Nxe5 31. Qxe5+ Ka8 32. Bb3 Rhe8 33. Be6 Rxe6
34. fxe6 Qd1+ 35. Kf2 Rf8+ 36. Bf4 Rxf4+ 37. Kg2 Qc2+ 0-1

[Event "Capo d'Orso Open 2008"]
[Site "Porto Mannu Palau"]
[Date "2008.05.24"]
[Round "9.22"]
[White "Sprotte, Norbert"]
[Black "Pagano, Nunzio"]
[Result "1-0"]
[WhiteElo "2217"]
[BlackElo "2008"]
[PlyCount "83"]
[EventDate "2008.05.24"]
[EventCountry "ITA"]

1. d4 e6 2. Nf3 Nf6 3. c4 b6 4. e3 Bb7 5. Bd3 c5 6. O-O Nc6 7. Nc3 d6 8. a3 Be7
9. d5 Ne5 10. Nxe5 dxe5 11. dxe6 fxe6 12. Qc2 Qc7 13. b3 a6 14. f3 O-O-O 15.
Bb2 g5 16. Ne4 Nh5 17. Rad1 Rhg8 18. g4 Bxe4 19. Bxe4 Nf6 20. Bxh7 Nxh7 21.
Qxh7 Bd6 22. Qe4 Qb7 23. Qxb7+ Kxb7 24. Rd2 Bc7 25. Rfd1 Rxd2 26. Rxd2 Kc6 27.
e4 b5 28. Rc2 Rd8 29. Bc3 Rd3 30. Kg2 Bd6 31. cxb5+ axb5 32. Kf2 Rd1 33. a4 Rb1
34. Rb2 Rxb2+ 35. Bxb2 b4 36. Ke2 c4 37. bxc4 Kb6 38. Bc1 b3 39. Kd3 Bb4 40.
c5+ Kxc5 41. Bxg5 b2 42. Be3+ 1-0

[Event "Capo d'Orso Open 2008"]
[Site "Porto Mannu Palau"]
[Date "2008.05.24"]
[Round "9.23"]
[White "Procacci, Sergio"]
[Black "Bove, Alessandro"]
[Result "1/2-1/2"]
[WhiteElo "2000"]
[BlackElo "2215"]
[PlyCount "63"]
[EventDate "2008.05.24"]
[EventCountry "ITA"]

1. e4 Nf6 2. e5 Nd5 3. c4 Nb6 4. d4 d6 5. f4 dxe5 6. fxe5 g6 7. Be2 Bg7 8. Nf3
Bg4 9. Nbd2 c5 10. d5 Bxf3 11. Nxf3 e6 12. Bg5 Qc8 13. Bf6 Bxf6 14. exf6 exd5
15. cxd5 Qf5 16. Bb5+ N8d7 17. Qe2+ Kf8 18. Qe7+ Kg8 19. O-O Qxf6 20. Rae1 Qxe7
21. Rxe7 Nf6 22. Ng5 Nbxd5 23. Rxf7 Rf8 24. Rxb7 h6 25. Ne6 Rf7 26. Rb8+ Kh7
27. Rxh8+ Kxh8 28. Bc6 Re7 29. Bxd5 Nxd5 30. Nxc5 Re2 31. Rf2 Re1+ 32. Rf1
1/2-1/2

[Event "Capo d'Orso Open 2008"]
[Site "Porto Mannu Palau"]
[Date "2008.05.24"]
[Round "9.24"]
[White "Razzano, Lorenzo"]
[Black "Zoldan, Matteo"]
[Result "1/2-1/2"]
[WhiteElo "1895"]
[BlackElo "2208"]
[PlyCount "57"]
[EventDate "2008.05.24"]
[EventCountry "ITA"]

1. e4 c5 2. Nf3 d6 3. d4 cxd4 4. Nxd4 Nf6 5. Nc3 e6 6. g4 e5 7. Nf5 h5 8. Bg5
hxg4 9. Bxf6 gxf6 10. Qxg4 Bxf5 11. Qxf5 Bh6 12. h4 Nc6 13. Bb5 Kf8 14. Bxc6
bxc6 15. Rd1 Ke7 16. Rh3 Qc8 17. Qf3 Qe6 18. b3 Bg5 19. h5 Rag8 20. Ne2 Kd7 21.
c4 Kc7 22. Qc3 Qg4 23. Qa5+ Kb8 24. Qb4+ Ka8 25. Qxd6 Qxh3 26. Qxc6+ Kb8 27.
Qb5+ Ka8 28. Qc6+ Kb8 29. Qb5+ 1/2-1/2

[Event "Capo d'Orso Open 2008"]
[Site "Porto Mannu Palau"]
[Date "2008.05.24"]
[Round "9.25"]
[White "Byron, Alan M"]
[Black "Motzer, Heinrich"]
[Result "1-0"]
[WhiteElo "2201"]
[BlackElo "2004"]
[PlyCount "57"]
[EventDate "2008.05.24"]
[EventCountry "ITA"]

1. c4 e5 2. Nc3 Nf6 3. g3 d5 4. cxd5 Nxd5 5. Bg2 Nb6 6. Nf3 Nc6 7. a3 Be7 8. b4
a6 9. O-O O-O 10. d3 Be6 11. Bb2 f6 12. Rc1 Qd7 13. Ne4 Rfd8 14. Nc5 Bxc5 15.
Rxc5 Kh8 16. Qc2 Nd5 17. Rc1 Rac8 18. Qb1 Nb6 19. Nd2 Nd5 20. Qc2 Nde7 21. Nb3
Bd5 22. Rxd5 Nxd5 23. Nc5 Qe7 24. Nxb7 Nd4 25. Bxd4 exd4 26. Nxd8 Qxd8 27. Bxd5
Qxd5 28. Qc6 Qb5 29. Rc5 1-0

[Event "Capo d'Orso Open 2008"]
[Site "Porto Mannu Palau"]
[Date "2008.05.24"]
[Round "9.28"]
[White "Calandri, Fausto"]
[Black "Ambrosanio, Raffaele"]
[Result "1-0"]
[WhiteElo "2123"]
[BlackElo "1946"]
[PlyCount "91"]
[EventDate "2008.05.24"]
[EventCountry "ITA"]

1. e4 d6 2. d4 Nf6 3. Nc3 g6 4. Nf3 Bg7 5. Be2 O-O 6. O-O c6 7. h3 Qc7 8. a4 e5
9. Be3 Nbd7 10. dxe5 dxe5 11. Bc4 b6 12. Qd2 Bb7 13. Rfd1 Rad8 14. Qd6 Qc8 15.
Nxe5 Nxe5 16. Qxe5 Nd5 17. Qg3 Nxc3 18. bxc3 Bxc3 19. Bxb6 Bxa1 20. Bxd8 Rxd8
21. Rxa1 Rd4 22. Qb3 Qd7 23. Rb1 Bc8 24. Bd3 Qe7 25. Qc3 Qd6 26. Rb8 Qxb8 27.
Qxd4 Be6 28. a5 Qc7 29. Qc5 h5 30. h4 Qf4 31. Qxa7 Qc1+ 32. Kh2 Qf4+ 33. g3 Qg4
34. Qb8+ Kh7 35. Qf4 Qd1 36. a6 Qa1 37. Qe3 c5 38. Qxc5 Bg4 39. Qe3 Qd1 40. a7
Bf3 41. Bf1 g5 42. Qxg5 Bxe4 43. a8=Q Bxa8 44. Bd3+ f5 45. Bxf5+ Kh8 46. Qh6+
1-0

[Event "Capo d'Orso Open 2008"]
[Site "Porto Mannu Palau"]
[Date "2008.05.24"]
[Round "9.29"]
[White "Russo, Roberto"]
[Black "Dehmel, Jens"]
[Result "0-1"]
[WhiteElo "1840"]
[BlackElo "2122"]
[PlyCount "74"]
[EventDate "2008.05.24"]
[EventCountry "ITA"]

1. e4 e6 2. d4 d5 3. e5 c5 4. c3 Nc6 5. Nf3 Nh6 6. Bxh6 gxh6 7. dxc5 Bxc5 8.
Bd3 f6 9. b4 Bf8 10. b5 Nxe5 11. Nxe5 fxe5 12. Qh5+ Kd7 13. Qxe5 Rg8 14. h4
Rxg2 15. Kf1 Rg4 16. Nd2 Bg7 17. Qh5 Rf4 18. Rc1 Qf6 19. Rh2 b6 20. c4 Bb7 21.
Bxh7 Rf8 22. f3 d4 23. Rh3 Bxf3 24. Nxf3 Rxf3+ 25. Rxf3 Qxf3+ 26. Qxf3 Rxf3+
27. Kg2 Ra3 28. Rc2 Bf6 29. h5 Bg5 30. c5 bxc5 31. Rxc5 d3 32. Rxg5 hxg5 33. h6
Ke7 34. Kf3 d2+ 35. Ke2 Rh3 36. Kxd2 Rxh6 37. Be4 Rh2+ 0-1

[Event "Capo d'Orso Open 2008"]
[Site "Porto Mannu Palau"]
[Date "2008.05.24"]
[Round "9.31"]
[White "Weber, Meikel"]
[Black "Sigillo, Carmelo"]
[Result "1-0"]
[WhiteElo "2112"]
[BlackElo "1773"]
[PlyCount "41"]
[EventDate "2008.05.24"]
[EventCountry "ITA"]

1. e4 c5 2. Nf3 d6 3. d4 cxd4 4. Nxd4 Nf6 5. Nc3 a6 6. f3 e5 7. Nb3 Be6 8. Be3
Be7 9. Qd2 Nbd7 10. O-O-O O-O 11. g4 Nb6 12. h4 Qc7 13. h5 d5 14. Bxb6 Qxb6 15.
exd5 Rfd8 16. Bc4 Bb4 17. Qe2 Bxc3 18. dxe6 Bxb2+ 19. Kxb2 a5 20. a4 fxe6 21.
Qxe5 1-0

[Event "Capo d'Orso Open 2008"]
[Site "Porto Mannu Palau"]
[Date "2008.05.24"]
[Round "9.35"]
[White "Bondielli, Giorgio"]
[Black "Schacht, Holger"]
[Result "0-1"]
[WhiteElo "1927"]
[BlackElo "2240"]
[PlyCount "42"]
[EventDate "2008.05.24"]
[EventCountry "ITA"]

1. e4 c5 2. d4 cxd4 3. c3 dxc3 4. Nxc3 e6 5. Bc4 Bc5 6. Nf3 Ne7 7. Bf4 Ng6 8.
Bg3 O-O 9. O-O Nc6 10. Qe2 f6 11. Rad1 Qe7 12. Nb5 Nge5 13. Nxe5 fxe5 14. Qh5
a6 15. Bh4 Qf7 16. Qxf7+ Rxf7 17. Nd6 Bxd6 18. Rxd6 Rf4 19. Bg3 Rxe4 20. Bd3
Rd4 21. Bxe5 Rxd3 0-1

[Event "Capo d'Orso Open 2008"]
[Site "Porto Mannu Palau"]
[Date "2008.05.24"]
[Round "9.48"]
[White "Raimondi, Davide"]
[Black "Ori, Marco"]
[Result "0-1"]
[WhiteElo "1670"]
[BlackElo "2141"]
[PlyCount "74"]
[EventDate "2008.05.24"]
[EventCountry "ITA"]

1. e4 c6 2. d4 d5 3. Nd2 dxe4 4. Nxe4 Nd7 5. Nf3 Ngf6 6. Bd3 Nxe4 7. Bxe4 Nf6
8. Bd3 Bg4 9. c3 e6 10. h3 Bh5 11. g4 Bg6 12. Ne5 Bxd3 13. Qxd3 Qc7 14. Be3
O-O-O 15. O-O-O Nd5 16. Kb1 Nxe3 17. Qxe3 Kb8 18. f4 c5 19. dxc5 Bxc5 20. Rxd8+
Rxd8 21. Qe2 Bd6 22. Rf1 f6 23. Nd3 Qc4 24. Qf3 Bc7 25. Rd1 a5 26. a3 Rd5 27.
Qf1 Rb5 28. Qe1 Qb3 29. Qd2 Qxa3 30. Qc2 Qe7 31. Qf2 Rd5 32. Qf1 Qd7 33. Kc2
Qa4+ 34. Kb1 Qb3 35. Qf3 a4 36. Kc1 a3 37. Kd2 Qxb2+ 0-1